=LDR 00000nam 2200000 4500 =001 INLIS000000000810141 =005 20251027013823 =035 ##$$a 0010-1025000124 =007 ta =008 251027###########################0###### =082 ##$$a 297.561 =084 ##$$a 297.561 QUD k =245 ##$$a Kisah Indah Ulama Salaf /$c Tim Penulis Qudwah =260 ##$:$b Media tashfiyah =300 ##$; $c 21 cm